000 00488nam a22001937a 4500
003 UA-OsUOA
001 54302
007 ta
008 20170619b un ||||| |||| 00| 0 ukr d
090 _a7
_bГ97
942 _cBR
040 _aUA-OsUOA
_bukr
_cUA-OsUOA
_dUA-OsUOA
245 _aГутиря
_bВячеслав Гутиря, Олександр Гутиря
955 _a4
041 _aukr
080 _a7
650 7 _a7 Мистецтво. Ігри. Спорт.
_2UDC
999 _c434413
_d434413